| 000 | 00878nam a2200229 i 4500 | ||
|---|---|---|---|
| 001 | 72753 | ||
| 003 | ES-MaACL | ||
| 005 | 20250823085844.0 | ||
| 007 | t| | ||
| 008 | 040902s1953 sp ||||1| spa d | ||
| 100 | 1 |
_aGoethe, Johann Wolfgang von, _d1749-1832 _957568 |
|
| 245 | 1 | 0 |
_aFausto / _cGoethe ; traducción nuevamente revisada de J. Roviralta Borrell ; estudio preliminar de William Sinz. |
| 260 |
_aMadrid : _bRevista de Occidente ; _a[Puerto Rico] : _bUniversidad de Puerto Rico, _c[1953] ( _fVda. de Galo Sáez) |
||
| 300 |
_a527 p., 35 lám. : _bil. ; _c20 cm. |
||
| 490 | 1 | _aBiblioteca de cultura básica | |
| 700 | 1 |
_aRoviralta Borrell, José. _9100164 |
|
| 700 | 1 |
_aSinz, William. _9106660 |
|
| 710 | 2 |
_aUniversidad de Puerto Rico _97273 |
|
| 830 | 1 |
_aBiblioteca de cultura básica _9181999 |
|
| 852 |
_aES-MaACL _jC-6007 |
||
| 999 |
_c72753 _d72753 |
||